Online
Catalog

Alimentación saludable...tu mejor medicina. / (Record no. 52954)

MARC details
000 -CABECERA
campo de control de longitud fija 01861nam a2200313 a 4500
003 - IDENTIFICADOR DEL NÚMERO DE CONTROL
campo de control DO-SdBNP
005 - FECHA Y HORA DE LA ÚLTIMA TRANSACCIÓN
campo de control 20221116131042.0
007 - CAMPO FIJO DE DESCRIPCIÓN FÍSICA--INFORMACIÓN GENERAL
campo de control de longitud fija ta
008 - DATOS DE LONGITUD FIJA--INFORMACIÓN GENERAL
campo de control de longitud fija 221116e2022 dr a|||gr|||| 001 m spa d
020 ## - NÚMERO INTERNACIONAL ESTÁNDAR DEL LIBRO
Número Internacional Estándar del Libro 9798356911491
040 ## - FUENTE DE LA CATALOGACIÓN
Centro catalogador/agencia de origen DO-SdBNP
Lengua de catalogación spa
Centro/agencia transcriptor BNPHU
082 #4 - NÚMERO DE LA CLASIFICACIÓN DECIMAL DEWEY
Número de edición 22
Número de documento/Ítem B268a
245 10 - MENCIÓN DE TÍTULO
Título Alimentación saludable...tu mejor medicina. /
Mención de responsabilidad, etc. Jimmy Barranco Ventura; Editor, Ramón Saba; Ilustraciones, Ezequiel Martínez; Prólogo, Ana Carolina Báez Abbott
260 ## - PUBLICACIÓN, DISTRIBUCIÓN, ETC.
Lugar de publicación, distribución, etc. Santo Domingo :
Nombre del editor, distribuidor, etc. INTEC,
Fecha de publicación, distribución, etc. 2022
300 ## - DESCRIPCIÓN FÍSICA
Extensión 678 p. :
Otras características físicas il. ;
Dimensiones 23 cm.
500 ## - NOTA GENERAL
Nota general Incluye datos biográficos del autor en las solapas de las cubiertas.
505 ## - NOTA DE CONTENIDO CON FORMATO
Nota de contenido con formato Dedicatoria.
Información miscelánea Agradecimientos.
-- Prólogo.
-- A modo de presentación.
Título I. Alimentos, Nutrimentos y Suplementos Nutricionales.--
-- II. Educación Alimentaria, Dietas y Salud.--
-- III. Alimentación Materno Infantil.--
-- IV. Obesidad y Control de Peso.--
-- V. Diabetes Mellitus.--
-- VI. Riesgo Cardiovascular.--
-- VII. Alimentación en Tiempos de Pandemia.--
-- VIII. Enfermedades Gastrointestinales.
-- IX. Nutrición y Cáncer.--
-- XI. Enfermedades del Tracto Genitourinario.--
-- XII. Microbioma, Alimentación y Salud.--
-- XIII. Nutrición Clínica.--
-- XIV. Anexos.
590 ## - NOTA LOCAL (RLIN)
Nota local Inventariado 2022 / MF
650 #4 - PUNTO DE ACCESO ADICIONAL DE MATERIA--TÉRMINO DE MATERIA
9 (RLIN) 21811
Término de materia o nombre geográfico como elemento de entrada Consejería en Nutrición
Subdivisión de forma Preguntas y Respuestas
Subdivisión general República Dominicana
650 #4 - PUNTO DE ACCESO ADICIONAL DE MATERIA--TÉRMINO DE MATERIA
9 (RLIN) 65872
Término de materia o nombre geográfico como elemento de entrada Trastornos Nutricionales
Subdivisión de forma Preguntas y Respuestas
Subdivisión general República Dominicana
650 #4 - PUNTO DE ACCESO ADICIONAL DE MATERIA--TÉRMINO DE MATERIA
9 (RLIN) 4380
Término de materia o nombre geográfico como elemento de entrada Trastornos Alimenticios
Subdivisión de forma Preguntas y Respuestas
Subdivisión general República Dominicana
650 #4 - PUNTO DE ACCESO ADICIONAL DE MATERIA--TÉRMINO DE MATERIA
9 (RLIN) 55504
Término de materia o nombre geográfico como elemento de entrada Hábitos Alimenticios
Subdivisión geográfica República Dominicana
650 #4 - PUNTO DE ACCESO ADICIONAL DE MATERIA--TÉRMINO DE MATERIA
9 (RLIN) 63768
Término de materia o nombre geográfico como elemento de entrada Vida y Salud
Subdivisión general Preguntas y Respuestas
Subdivisión de forma República Dominicana
700 1# - PUNTO DE ACCESO ADICIONAL--NOMBRE DE PERSONA
9 (RLIN) 81348
Nombre de persona Saba, Ramón
Fechas asociadas al nombre ed.
700 1# - PUNTO DE ACCESO ADICIONAL--NOMBRE DE PERSONA
9 (RLIN) 77713
Nombre de persona Martìnez, Ezequiel
Término indicativo de función/relación il.
700 1# - PUNTO DE ACCESO ADICIONAL--NOMBRE DE PERSONA
Nombre de persona Báez Abbott, Ana Carolina
Término indicativo de función/relación pról.
9 (RLIN) 82835
910 ## - DATOS DE OPCIÓN DEL USUARIO (OCLC)
Datos de opción del usuario MFeliz
942 ## - ELEMENTOS DE PUNTO DE ACCESO ADICIONAL (KOHA)
Fuente del sistema de clasificación o colocación Dewey Decimal Classification
Tipo de ítem Koha Libro
Holdings
Estado de retiro Estado de pérdida Fuente del sistema de clasificación o colocación Restricciones de uso No para préstamo Código de colección Localización permanente Ubicación/localización actual Ubicación en estantería Fecha de adquisición Fuente de adquisición Total de préstamos Signatura topográfica completa Código de barras Fecha visto por última vez Precio válido a partir de Tipo de ítem Koha Número de copia
    Dewey Decimal Classification Excluido de préstamo   Patrimonio Dominicano Biblioteca Nacional Pedro Henríquez Ureña Biblioteca Nacional Pedro Henríquez Ureña En catalogación 31.10.2022 Depósito legal / Ramón Saba   B268a 2022-5432 16.11.2022 16.11.2022 Libro  
    Dewey Decimal Classification Excluido de préstamo   Patrimonio Dominicano Biblioteca Nacional Pedro Henríquez Ureña Biblioteca Nacional Pedro Henríquez Ureña En catalogación 31.10.2022 Depósito legal / Ramón Saba   B268a 2022-5433 16.11.2022 16.11.2022 Libro e.2
    Dewey Decimal Classification Préstamo en sala   Dominicana de Servicio Biblioteca Nacional Pedro Henríquez Ureña Biblioteca Nacional Pedro Henríquez Ureña En catalogación 31.10.2022 Depósito legal / Ramón Saba   B268a 2022-5434 16.11.2022 16.11.2022 Libro e.3

Powered by Koha